Statistiken für Größte Länder im Jahr 1600

Klicken Sie hier um das Quiz zu spielen!

Allgemein

  • Dieses Quiz wurde 213 mal gespielt
  • Das Durchschnittsergebnis liegt bei 10 aus 15

Antwortstatistiken

BevölkerungGroßes Land im Jahre 1600% Korrekt
160 000 000Ming-Dynastie
96%
20 000 000Domänen der französischen Krone
91%
29 997 000Iberische Union
90%
14 000 000Zarentum Russland
88%
5 600 000Krone von England
86%
26 000 000Osmanisches Reich
82%
88 000 000Mogulreich
77%
17 000 000Tokugawa shogunat
76%
20 300 000Das Heilige Römische Reich
62%
5 550 000Habsburgermonarchie / Österreich - Ungarn
62%
7 950 000Polnisch-litauische Union
59%
3 200 000Persien
40%
9 879 000Joseon
29%
4 447 000Đai Viět
10%
2 250 000Königreich Marokko
9%

Verteilung der Resultate

Perzentil nach korrekt beantworteten Fragen

Anzahl Personen mit jedem Resultat

Ihre Resultats-Entwicklung

Sie haben dieses Quiz noch nicht gespielt